Dr. Seuss by Any 3 Letters Quiz Stats

 Plays Quiz Updated Nov 2, 2019

Score 0/63 Timer 03:00
9 Plays Today
Year Title % Correct
1967The Cat in the Hat Song Book
94%
1958The Cat in the Hat Comes Back
93.7%
1957The Cat in the Hat
93.6%
1976The Cat's Quizzer
93.3%
1940Horton Hatches the Egg
92.8%
1969I Can Lick 30 Tigers Today! and Other Stories
91.7%
1958Yertle the Turtle and Other Stories
91.5%
1961The Sneetches and Other Stories
91.5%
1938The 500 Hats of Bartholomew Cubbins
91.3%
1957How the Grinch Stole Christmas!
90.9%
1949Bartholomew and the Oobleck
90.9%
1974Oh, the Thinks You Can Think!
90.6%
1973The Shape of Me and Other Stuff
90.6%
1990Oh, the Places You'll Go!
90.3%
1971The Lorax
89.7%
1975 *Would You Rather Be a Bullfrog?
89.7%
1984The Butter Battle Book
89.6%
1981 *The Tooth Book
89.5%
1948Thidwick the Big-Hearted Moose
89.5%
1968The Foot Book
89.2%
1977 *Please Try to Remember the First of Octember!
89%
1973 *The Pop-up Mice of Mr. Brice
89%
1968 *The Eye Book
89%
1974There's a Wocket in My Pocket!
89%
1950If I Ran the Zoo
88.9%
1939The Seven Lady Godivas
88.6%
1956If I Ran the Circus
88.5%
1939The King's Stilts
88.4%
1960Green Eggs and Ham
78.6%
1937And to Think That I Saw It on Mulberry Street
76.4%
1970I Can Draw It Myself
71.5%
1970Mr. Brown Can Moo! Can You?: Dr. Seuss's Book of Wonderful Noises!
66%
Year Title % Correct
1972Marvin K. Mooney Will You Please Go Now!
65.4%
1954Horton Hears a Who!
63%
1973Did I Ever Tell You How Lucky You Are?
60.6%
1979Oh Say Can You Say?
58.4%
1980 *Maybe You Should Fly a Jet! Maybe You Should Be a Vet!
54.5%
1959Happy Birthday to You!
53.8%
1986You're Only Old Once!
52.2%
1971 *I Can Write! A Book by Me, Myself
51.8%
1974Great Day for Up!
51.8%
1960One Fish, Two Fish, Red Fish, Blue Fish
50%
2015 ✝What Pet Should I Get?
46.7%
1978I Can Read with My Eyes Shut!
45.9%
1965 *I Wish That I Had Duck Feet
44%
1962Dr. Seuss's Sleep Book
42%
1976 *Hooper Humperdink...? Not Him!
41.1%
1987I Am Not Going to Get Up Today!
39.5%
1969My Book about ME
37.7%
1965I Had Trouble in Getting to Solla Sollew
33.5%
1963Hop on Pop
30.6%
1963Dr. Seuss's ABC
28.8%
1953Scrambled Eggs Super!
28.2%
1995 ✝Daisy-Head Mayzie
24.2%
1961 *Ten Apples up on Top!
24%
1974 *Wacky Wednesday
23.2%
1965Fox in Socks
22.3%
1975 **Because a Little Bug Went Ka-Choo!!
20.7%
1966 *Come over to My House
18.7%
1972 *In a People House
17.7%
1947McElligot's Pool
15.6%
1982Hunches in Bunches
12.8%
1955On Beyond Zebra!
7.6%

You're not logged in!

Compare scores with friends on all Sporcle quizzes.
OR
Log In

Sporcle TV

Today on Sporcle TV


Watch our educational content, quiz creation guides, and fun videos on Sporcle TV.

Show Comments

Extras

Top Quizzes Today


Score Distribution

Your Account Isn't Verified!

In order to create a playlist on Sporcle, you need to verify the email address you used during registration. Go to your Sporcle Settings to finish the process.

Report this User

Report this user for behavior that violates our Community Guidelines.

Details: